000 01602nam0a2200349 4500
001 RU\NLR\BIBL_A\012554646
005 20260607065007.0
010 _a978-5-298-04105-8
_91200
021 _aRU
_bКН-П-21-009284
_9КН-П-21-0737
035 _a(NLR Aleph) 012554646
035 _a(RuMoRGB)010580226
090 _a12441604
_c12441604
100 _a20210629d2020 m y0rusy50 ca
101 1 _arus
_ctat
102 _aRU
105 _ac|||z|||000ay
181 0 _ai
_baxxe
182 0 _an
200 1 _aДевушка из Стамбула
_eповести, рассказы, пьесы
_fГаяз Исхаки
_gперевод с татарского Азалии Килеевой-Бадюгиной
203 _aТекст
_bвизуальный
_cнепосредственный
210 _aКазань
_cТатарское книжное изд-во
_d2020
215 _a573, [2] с.
_cпортр.
_d21
327 0 _aСодерж.: Повести и рассказы: Осень; Девушка из Стамбула; Мудрый Лукман; Раскаяние; Он еще не был женат; Остазбике; Разве это жизнь?; Шакирд-абый; Пьесы: Противостояние; На дорогах жизни [и др.]
333 _a16+
686 2 _aШ6(2=Тат)7я44
700 1 _8rus
_7ca
_aИсхаки
_bГ.
_f1878-1954
_gГаяз
_3RU\NLR\AUTH\7712994
_9122702
942 _cBOOK
980 _aNBR
980 _aNB